000 00236nam a2200109Ia 4500
999 _c8783
_d8783
020 _a978-0136079415
100 _aKotler, Armstrong
245 0 _aPrinciples of Marketing
260 _aIndia
_bDorling
_c2000
300 _a488
942 _cBK